=LDR 00000nam 2200000 4500 =001 INLIS000000000026322 =005 20220411093526 =035 ##$$a 0010-061300000026322 =008 220411################g##########0#ind## =041 ##$$a ind =082 ##$$a 658.300 =090 ##$$a 658.300, SIL p =100 ##$$a Silalahi, Bennett N.B =245 1#$$a Perencanaan dan pembinaan tenaga kerja perusahaan, /$c Dr. Bennett N.B. Silalahi, M.A =260 ##$$a Jakarta :$b Pustaka Binaman Pressindo,$c 1994 =300 ##$$a xii, 405 hlm. : $b ilus. ; $c 14x23 cm. =650 #4$$a Ketenaga Kerjaan =850 ##$$a NBPNMAT =084 ##$$a 658.300 SIL p =250 ##$$a cet.2 =990 ##$$a 114.617/Pro.97 =990 ##$$a 114.618/Pro.97 =990 ##$$a 19831983 =990 ##$$a 114.619 Pro.97 =990 ##$$a 114.617/Pro.97 =990 ##$$a 114.618/Pro.97